GETS Theological Seminary Library

The Trinity & subordinationism: (Record no. 270)

MARC details
000 -LEADER
fixed length control field 00617nam a2200193Ia 4500
008 - FIXED-LENGTH DATA ELEMENTS--GENERAL INFORMATION
fixed length control field 200731s9999 xx 000 0 und d
020 ## - INTERNATIONAL STANDARD BOOK NUMBER
International Standard Book Number 0830826637
020 ## - INTERNATIONAL STANDARD BOOK NUMBER
International Standard Book Number 9780830826636
041 ## - LANGUAGE CODE
Language code of text/sound track or separate title eng
050 ## - LIBRARY OF CONGRESS CALL NUMBER
Classification number BT109
Item number .G55 2002
100 ## - MAIN ENTRY--PERSONAL NAME
Personal name Giles, Kevin
245 ## - TITLE STATEMENT
Title The Trinity & subordinationism:
Remainder of title the doctrine of God & the contemporary gender debate /
Statement of responsibility, etc. Kevin Giles
260 ## - PUBLICATION, DISTRIBUTION, ETC.
Place of publication, distribution, etc. Downers Grove, IL :
Name of publisher, distributor, etc. InterVarsity Press,
Date of publication, distribution, etc. 2002
300 ## - PHYSICAL DESCRIPTION
Extent 282 p.
Other physical details ;
Dimensions 23 cm.
650 ## - SUBJECT ADDED ENTRY--TOPICAL TERM
Topical term or geographic name entry element Jesus Christ -- History of doctrines.
650 ## - SUBJECT ADDED ENTRY--TOPICAL TERM
Topical term or geographic name entry element Subordinationism.
650 ## - SUBJECT ADDED ENTRY--TOPICAL TERM
Topical term or geographic name entry element Trinity -- History of doctrines.
Holdings
Withdrawn status Lost status Damaged status Not for loan Home library Current library Shelving location Date acquired Total Checkouts Full call number Barcode Date last seen Price effective from Koha item type
        GETS Theological Seminary Library GETS Theological Seminary Library General Stacks 07/09/2020   BT109 .G55 2002 00000270 07/09/2020 07/09/2020 English Books
OpacCredits

Contact the Librarian, GETS Library
Email: library@mygets.org









Implemented by GETS Library
(Powered by ETCA Professional Group)
GETS Theological Seminary
412 E. Rowland Street, CA 91723